000 00705nam a2200253 i 4500
001 C2-0072132
003 PPAK
005 20190630222206.0
008 970429s1993 xxka|||| ||||| | eng d
020 _a0750012315
040 _aPPAK
_beng
_cPPAK
_erda
082 0 4 _a574.526404
_223
090 0 0 _a574.526404
_bGAN
_dR
090 0 0 _a574.526404
_bGAN
_dRK
100 1 _aGaneri, Anita,
_eauthor
245 1 0 _aWhat's under the ground?
264 1 _aHemel Hempstead :
_bSimon & Schuster ,
_c1993
300 _a45 pages :
_bcolour illustrations ;
_c29 cm
336 _2rdacontent
_atext
337 _2rdamedia
_aunmediated
338 _2rdacarrier
_avolume
650 1 0 _aUnderground areas
942 _ddc
_cB
999 _c9226
_d9226